| 000 | 00689nam a2200229 a 4500 | ||
|---|---|---|---|
| 005 | 20240924071223.0 | ||
| 008 | 070912s2004 mx r 000 0 spa d | ||
| 020 | _a9681671791 | ||
| 035 | _aUPN01000151853 | ||
| 049 | _aI | ||
| 050 | 4 |
_aPZ71 _bK5.3 |
|
| 100 | 1 | _aKhemir, Nacer | |
| 245 | 1 | 3 |
_aEl cuento de los contadores de cuentos / _cNacer Khemir ; il. de Claudio Romo ; tr. de Lucía Segovia. |
| 260 |
_aMéxico : _bFCE, _c2004. |
||
| 300 |
_a34 p. : _bil. col. |
||
| 440 | 0 | _aClásicos | |
| 534 |
_pTitulo original: _tLe conte des conteurs |
||
| 650 | 4 |
_aLiteratura infantil _94445 |
|
| 650 | 4 |
_aCuentos infantiles _96744 |
|
| 700 | 1 |
_aRomo, Claudio, _eil. |
|
| 905 | _aInfantil | ||
| 999 |
_c123988 _d123988 |
||